000 00455nam a22001937a 4500
003 MPLRDC
005 20220104144313.0
008 210129b ||||| |||| 00| 0 eng d
020 _a962-357-735-4
082 _a528.956 YYL c.3
100 _a叶永烈
245 _a中国乒乓内幕
_c
250 _a初版
260 _a
_b明报出版社
_c1995
300 _b
490 _a焦点文库
650 _a乒乓球
942 _cBK
_o528.956 YYL c.3
999 _c48311
_d48301